Sudan's oil diplomacy 1991-2003 (Record no. 7949)
[ view plain ]
| 000 -LEADER | |
|---|---|
| fixed length control field | 00511nam a2200169Ia 4500 |
| 020 ## - INTERNATIONAL STANDARD BOOK NUMBER | |
| ISBN | 9788178313009 |
| 082 ## - DEWEY DECIMAL CLASSIFICATION NUMBER | |
| Classification number | 338.272809624 DAS-S |
| 100 ## - MAIN ENTRY--AUTHOR NAME | |
| Personal name | Dash, Sandipani |
| 245 #0 - TITLE STATEMENT | |
| Title | Sudan's oil diplomacy 1991-2003 |
| 260 ## - PUBLICATION, DISTRIBUTION, ETC. (IMPRINT) | |
| Place of publication | New Delhi |
| Name of publisher | Manak Publications |
| Year of publication | 2012 |
| 300 ## - PHYSICAL DESCRIPTION | |
| Number of Pages | xvi, 317 |
| 504 ## - BIBLIOGRAPHY, ETC. NOTE | |
| Bibliography, etc | includes bibliography and index |
| 650 ## - SUBJECT ADDED ENTRY--TOPICAL TERM | |
| Topical Term | Petroleum |
| Form subdivision | Political aspects |
| Geographic subdivision | Sudan |
| -- | 1991-2003 |
| 650 ## - SUBJECT ADDED ENTRY--TOPICAL TERM | |
| Topical Term | Petroleum industry |
| Geographic subdivision | Sudan |
| -- | 1991-2003 |
| 650 ## - SUBJECT ADDED ENTRY--TOPICAL TERM | |
| Topical Term | Sudan |
| Form subdivision | Foreign relations |
| Geographic subdivision | 1991-2003 |
| 942 ## - ADDED ENTRY ELEMENTS (KOHA) | |
| Koha item type | Books |
| Withdrawn status | Lost status | Damaged status | Not for loan | Home library | Current library | Date acquired | Bill Date | Full call number | Accession Number | Price effective from | Koha item type |
|---|---|---|---|---|---|---|---|---|---|---|---|
| NASSDOC Library | NASSDOC Library | 22/01/2013 | 2012-12-21 | 338.272809624 DAS-S | 48000 | 18/04/2019 | Books |
